[Event "Mitropa Cup (Women)"]
[Site "Trencin"]
[Date "2025.05.19"]
[Round "6.1"]
[White "Manko, Mariya"]
[Black "Terbe, Julianna"]
[Result "1/2-1/2"]
[WhiteElo "2334"]
[BlackElo "2198"]
[PlyCount "155"]
[EventDate "2025.05.14"]
[EventType "team-tourn"]
[EventRounds "9"]
[EventCountry "SVK"]
[SourceTitle "CB22_2025"]
[SourceDate "2025.05.28"]
[SourceVersion "1"]
[SourceVersionDate "2025.05.28"]
[SourceQuality "1"]
[WhiteTeam "Switzerland (W)"]
[BlackTeam "Hungary (W)"]
[WhiteTeamCountry "SUI"]
[BlackTeamCountry "HUN"]

1. d4 d5 2. c4 c6 3. Nf3 Nf6 4. g3 dxc4 5. Bg2 g6 6. 0-0 Bg7 7. a4 Ne4 8. Nc3 Nd6 9. e4 Bg4 10. h3 Bxf3 11. Bxf3 Na6 12. Be3 0-0 13. Qe2 Nb4 14. Rad1 a5 15. g4 f5 16. e5 f4 17. Bc1 Nc8 18. Qxc4+ Kh8 19. Ne4 Nb6 20. Qe6 N6d5 21. Nc5 b6 22. Ne4 Qe8 23. h4 Na6 24. g5 Rf5 25. Bh5 Qg8 26. Qxg8+ Kxg8 27. Bg4 Rff8 28. Nc3 Nac7 29. Rfe1 Rad8 30. Re4 c5 31. dxc5 Nxc3 32. bxc3 Rxd1+ 33. Bxd1 bxc5 34. Bb3+ e6 35. Bxf4 Nd5 36. Bd2 Rb8 37. Bc4 Rb2 38. Be1 Kf7 39. Bb5 Rb1 40. Kg2 Ke7 41. f3 Rc1 42. c4 Nf4+ 43. Kg3 Nd3 44. Bxa5 Bxe5+ 45. f4 Bd6 46. Bd2 Rc2 47. Be3 Rc3 48. Kg4 Nb2 49. a5 Nd1 50. Bg1 Rc2 51. a6 Nf2+ 52. Bxf2 Rxf2 53. Bc6 Rg2+ 54. Kf3 Ra2 55. Bb7 Bb8 56. h5 gxh5 57. f5 Ra3+ 58. Kf2 Ra2+ 59. Kf1 Ra1+ 60. Kg2 Ra2+ 61. Kf3 Ra3+ 62. Ke2 Rg3 63. Rxe6+ Kd7 64. Rh6 Rxg5 65. Rxh7+ Kd6 66. Be4 Ke5 67. Kf3 h4 68. Re7+ Kd4 69. Rd7+ Ke5 70. Rd5+ Kf6 71. Rxc5 Rg3+ 72. Ke2 Ra3 73. Rb5 Bf4 74. Bb7 h3 75. Kd1 h2 76. Kc2 Rxa6 77. c5 Ra1 78. Rb1 1/2-1/2

[Event "Basel Swiss YM"]
[Site "Basel"]
[Date "2025.04.25"]
[Round "8"]
[White "Manko, Mariya"]
[Black "Krastev, Alexander"]
[Result "0-1"]
[WhiteElo "2254"]
[BlackElo "2419"]
[PlyCount "58"]
[EventDate "2025.04.18"]
[EventType "tourn"]
[EventRounds "9"]
[EventCountry "SUI"]
[EventCategory "5"]
[SourceTitle "CB18_2025"]
[SourceDate "2025.04.30"]
[SourceVersion "1"]
[SourceVersionDate "2025.04.30"]
[SourceQuality "1"]

1. d4 Nf6 2. c4 e6 3. g3 c5 4. d5 exd5 5. cxd5 d6 6. Nc3 g6 7. Bg2 Bg7 8. Nf3 0-0 9. 0-0 Re8 10. Bf4 Bf5 11. Nh4 Bg4 12. Qd2 b5 13. Nxb5 Rxe2 14. Qc1 Ne4 15. Bxe4 Rxe4 16. Nxd6 Re7 17. Qd2 Nd7 18. Rfe1 Ne5 19. Nb7 Qb6 20. Na5 Rd8 21. Bxe5 Bxe5 22. Qg5 Bf6 23. Qxg4 Rxe1+ 24. Rxe1 Qxa5 25. Rd1 Qxa2 26. d6 Qxb2 27. d7 Bd4 28. Nf3 Qxf2+ 29. Kh1 Rxd7 0-1

[Event "Basel Swiss YM"]
[Site "Basel"]
[Date "2025.04.24"]
[Round "7"]
[White "Manko, Mariya"]
[Black "Peyrer, Konstantin"]
[Result "1/2-1/2"]
[WhiteElo "2254"]
[BlackElo "2451"]
[PlyCount "87"]
[EventDate "2025.04.18"]
[EventType "tourn"]
[EventRounds "9"]
[EventCountry "SUI"]
[EventCategory "5"]
[SourceTitle "CB18_2025"]
[SourceDate "2025.04.30"]
[SourceVersion "1"]
[SourceVersionDate "2025.04.30"]
[SourceQuality "1"]

1. d4 Nf6 2. c4 e6 3. g3 Bb4+ 4. Bd2 Be7 5. Bg2 d5 6. Nf3 0-0 7. 0-0 c6 8. Qc2 Nbd7 9. Bf4 a5 10. Rd1 a4 11. a3 Ne4 12. h4 h6 13. Nc3 Nxc3 14. bxc3 b5 15. c5 f5 16. Qc1 Nf6 17. Ne5 Qe8 18. Bf3 Ra6 19. Kg2 Nh5 20. Bxh5 Qxh5 21. Qd2 Bf6 22. Rh1 Bxe5 23. Bxe5 Ra7 24. Rag1 Ba6 25. f3 Rb7 26. Kf2 b4 27. cxb4 Bc4 28. Ke1 Kh7 29. Qc2 Bb3 30. Qd3 Bc4 31. Qc2 Bb3 32. Qb1 Qg6 33. h5 Qg5 34. Bf4 Qf6 35. Qd3 Bc4 36. Qd2 Rff7 37. Kf2 Kg8 38. Bd6 Qg5 39. Bf4 Qf6 40. g4 fxg4 41. Rxg4 Qf5 42. Rhg1 Qxh5 43. Bxh6 e5 44. Qg5 1/2-1/2

[Event "Basel Swiss YM"]
[Site "Basel"]
[Date "2025.04.23"]
[Round "6"]
[White "Collin, Moritz Valentin"]
[Black "Manko, Mariya"]
[Result "0-1"]
[WhiteElo "2303"]
[BlackElo "2254"]
[PlyCount "76"]
[EventDate "2025.04.18"]
[EventType "tourn"]
[EventRounds "9"]
[EventCountry "SUI"]
[EventCategory "5"]
[SourceTitle "CB18_2025"]
[SourceDate "2025.04.30"]
[SourceVersion "1"]
[SourceVersionDate "2025.04.30"]
[SourceQuality "1"]

1. d4 Nf6 2. c4 e6 3. Nc3 d5 4. cxd5 exd5 5. Bg5 Be7 6. e3 0-0 7. Bd3 Re8 8. Nge2 c6 9. Qc2 Nbd7 10. 0-0 a5 11. f3 b5 12. Nd1 Qb6 13. Rc1 Bb7 14. Kh1 b4 15. Nf2 h6 16. Bh4 c5 17. Bf5 cxd4 18. Nxd4 Ba6 19. Rfe1 Rac8 20. Qa4 Nc5 21. Qd1 Rcd8 22. b3 Nfe4 23. Nxe4 Nxe4 24. fxe4 Bxh4 25. g3 Bg5 26. Rc6 Qa7 27. Qc1 dxe4 28. Qc5 Qxc5 29. Rxc5 Bxe3 30. Rxe3 Rxd4 31. Rxa5 Rd1+ 32. Kg2 Bf1+ 33. Kf2 Bd3 34. Bg4 Rd2+ 35. Be2 Rc8 36. Ke1 Rb2 37. Bd1 Rc1 38. Rd5 Rxh2 0-1

[Event "Augsburg op-A (Women)"]
[Site "Augsburg"]
[Date "2025.03.08"]
[Round "7"]
[White "Dolzhikova, Kateryna"]
[Black "Manko, Mariya"]
[Result "1/2-1/2"]
[WhiteElo "2308"]
[BlackElo "2234"]
[PlyCount "118"]
[EventDate "2025.03.05"]
[EventType "swiss"]
[EventRounds "9"]
[EventCountry "GER"]
[SourceTitle "CB11_2025"]
[SourceDate "2025.03.12"]
[SourceVersion "1"]
[SourceVersionDate "2025.03.12"]
[SourceQuality "1"]

1. e4 c5 2. Nf3 Nc6 3. Bb5 g6 4. 0-0 Bg7 5. Re1 Nf6 6. e5 Nd5 7. Nc3 Nc7 8. Bxc6 dxc6 9. Ne4 b6 10. Nf6+ Kf8 11. Ne4 Bg4 12. d3 Ne6 13. Neg5 Nxg5 14. Bxg5 Qd5 15. Re4 Bf5 16. Re3 h6 17. Bh4 g5 18. Bg3 Rd8 19. c4 Qe6 20. Qa4 Rd7 21. Rd1 Kg8 22. h3 Kh7 23. Rd2 Rhd8 24. Qd1 Qg6 25. d4 Be4 26. e6 Qxe6 27. dxc5 f5 28. cxb6 axb6 29. Rxd7 Qxd7 30. Qxd7 Rxd7 31. Be5 Bxf3 32. gxf3 f4 33. Re2 h5 34. Bxg7 Kxg7 35. Re6 Rc7 36. h4 gxh4 37. Kg2 Kf7 38. Rh6 Kg7 39. Rxh5 Ra7 40. a3 Ra4 41. c5 Ra5 42. b4 Rb5 43. Kh3 bxc5 44. Rxc5 Rb6 45. Kg4 h3 46. Kxh3 Kf6 47. Rh5 e5 48. Kg4 Ke6 49. Rh8 Ra6 50. Rh6+ Kd5 51. b5 Rxa3 52. Rxc6 Rb3 53. Rb6 Rb2 54. Rb8 Rxf2 55. b6 Kc6 56. b7 Rg2+ 57. Kf5 Rf2 58. Kg4 Rg2+ 59. Kf5 Rf2 1/2-1/2

[Event "Augsburg op-A (Women)"]
[Site "Augsburg"]
[Date "2025.03.06"]
[Round "3"]
[White "Zatonskih, Anna"]
[Black "Manko, Mariya"]
[Result "0-1"]
[WhiteElo "2315"]
[BlackElo "2234"]
[PlyCount "160"]
[EventDate "2025.03.05"]
[EventType "swiss"]
[EventRounds "9"]
[EventCountry "GER"]
[SourceTitle "CB11_2025"]
[SourceDate "2025.03.12"]
[SourceVersion "1"]
[SourceVersionDate "2025.03.12"]
[SourceQuality "1"]

1. d4 Nf6 2. c4 c5 3. d5 b5 4. cxb5 a6 5. bxa6 g6 6. Nc3 Bg7 7. e4 0-0 8. Nf3 Qa5 9. Bd2 Bxa6 10. Bxa6 Qxa6 11. Qe2 e6 12. Qxa6 Nxa6 13. dxe6 fxe6 14. 0-0 Rfb8 15. Rfb1 d5 16. exd5 exd5 17. a4 Rb3 18. Bg5 Nc7 19. Bf4 Ra7 20. Be5 Rab7 21. h3 d4 22. Nd1 Ne4 23. Bxg7 Kxg7 24. Rc1 Kf6 25. Rc2 Ne6 26. a5 Ra7 27. Ne1 Rb5 28. a6 Rb6 29. Nd3 Rbxa6 30. Rac1 Ra1 31. b4 cxb4 32. Nxb4 d3 33. Nxd3 Nd4 34. Rb2 Rxc1 35. Nxc1 Ra1 36. Rb6+ Kg7 37. Rb4 Rxc1 38. Rxd4 Nc3 39. Kh2 Rxd1 40. Rc4 Nd5 41. Rc5 Nf6 42. Ra5 Rd2 43. Ra7+ Kh6 44. Kg1 Ne4 45. Rf7 Rd6 46. f3 Rd1+ 47. Kh2 Nd6 48. Rd7 Rd4 49. f4 Nf5 50. Rf7 Rd2 51. Kh1 Ng3+ 52. Kg1 Re2 53. Kh2 Nf5 54. Kg1 Re7 55. Rf6 Kg7 56. Ra6 Nd4 57. Ra4 Re4 58. Ra7+ Kg8 59. Ra8+ Kf7 60. Ra7+ Re7 61. Ra4 Nf5 62. Kf2 Ne3 63. Rd4 h5 64. Rd3 Nc4 65. Rd4 Nb6 66. g4 Rd7 67. Rxd7+ Nxd7 68. Kg3 hxg4 69. Kxg4 Nf6+ 70. Kg5 Ne4+ 71. Kg4 Kf6 72. h4 Ke6 73. h5 Nf6+ 74. Kh4 gxh5 75. Kg5 Kf7 76. f5 Kg7 77. Kh4 Kh6 78. Kg3 Kg5 79. Kh3 Kxf5 80. Kh4 Kf4 0-1

[Event "Augsburg op-A (Women)"]
[Site "Augsburg"]
[Date "2025.03.05"]
[Round "1"]
[White "Birkholz, Olga"]
[Black "Manko, Mariya"]
[Result "0-1"]
[WhiteElo "1998"]
[BlackElo "2234"]
[PlyCount "96"]
[EventDate "2025.03.05"]
[EventType "swiss"]
[EventRounds "9"]
[EventCountry "GER"]
[SourceTitle "CB11_2025"]
[SourceDate "2025.03.12"]
[SourceVersion "1"]
[SourceVersionDate "2025.03.12"]
[SourceQuality "1"]

1. c4 e5 2. Nc3 Nf6 3. g3 Bb4 4. Bg2 0-0 5. Qc2 c6 6. a3 Bxc3 7. Qxc3 d5 8. Qxe5 dxc4 9. Qc3 Be6 10. Nf3 Re8 11. 0-0 Na6 12. d4 cxd3 13. exd3 Nc7 14. Bg5 Ncd5 15. Qd4 h6 16. Bd2 Nb6 17. Rfe1 Qxd4 18. Nxd4 Bd5 19. f3 Nfd7 20. Kf2 Na4 21. Bc3 f6 22. Bf1 Ne5 23. Re3 Rad8 24. h3 Bf7 25. f4 Nd7 26. Rae1 Rxe3 27. Rxe3 Ndb6 28. Re7 Rb8 29. Bg2 Kf8 30. Re3 Rd8 31. f5 Nxc3 32. bxc3 Na4 33. Ne2 Nb2 34. Kf1 Nxd3 35. Nd4 Ne5 36. Re1 c5 37. Ne6+ Bxe6 38. fxe6 b6 39. c4 Rd3 40. g4 Rxa3 41. Rd1 Ke7 42. Bd5 Rb3 43. Ke2 a5 44. Kd2 Rd3+ 45. Kc2 Rxd1 46. Kxd1 Nd3 47. Kd2 Nf4 48. Kc3 Nxe6 0-1

[Event "Krakow op-A 35th"]
[Site "Krakow"]
[Date "2025.01.04"]
[Round "9"]
[White "Traistaru, Teodora"]
[Black "Manko, Mariya"]
[Result "0-1"]
[WhiteElo "2147"]
[BlackElo "2212"]
[PlyCount "60"]
[EventDate "2024.12.27"]
[EventType "swiss"]
[EventRounds "9"]
[EventCountry "POL"]
[SourceTitle "CB02_2025"]
[SourceDate "2025.01.08"]
[SourceVersion "1"]
[SourceVersionDate "2025.01.08"]
[SourceQuality "1"]

1. e4 c5 2. c3 Nf6 3. e5 Nd5 4. d4 cxd4 5. Nf3 Nc6 6. cxd4 d6 7. Bc4 dxe5 8. Nxe5 e6 9. 0-0 Be7 10. Bb5 Bd7 11. Nxd7 Qxd7 12. Nc3 a6 13. Be2 Rd8 14. Be3 0-0 15. Bf3 Nc7 16. Rc1 Bf6 17. Ne2 Nb5 18. Bxc6 bxc6 19. a4 Nxd4 20. Nxd4 Bxd4 21. Qxd4 Qxd4 22. Bxd4 Rxd4 23. b3 Rc8 24. Rc3 Kf8 25. Rfc1 Ke7 26. Kf1 Kd6 27. Ke2 a5 28. Ke3 c5 29. Rd3 e5 30. Rxd4+ cxd4+ 0-1

[Event "Wch U18 Girls"]
[Site "Florianopolis"]
[Date "2024.11.06"]
[Round "8"]
[White "Maton, Emily"]
[Black "Manko, Mariya"]
[Result "0-1"]
[WhiteElo "1924"]
[BlackElo "2237"]
[PlyCount "86"]
[EventDate "2024.10.29"]
[EventType "swiss"]
[EventRounds "11"]
[EventCountry "BRA"]
[SourceTitle "CB45_2024"]
[Source "ChessBase"]
[SourceDate "2024.11.06"]
[SourceVersion "1"]
[SourceVersionDate "2024.11.06"]
[SourceQuality "1"]

1. e4 c5 2. Nf3 Nc6 3. d4 cxd4 4. Nxd4 Nf6 5. Nc3 e5 6. Ndb5 d6 7. Bg5 a6 8. Na3 b5 9. Bxf6 gxf6 10. Nd5 f5 11. Bxb5 axb5 12. Nxb5 Rb8 13. Nbc7+ Kd7 14. Qh5 Ne7 15. Qxf7 Kc6 16. b4 Nxd5 17. b5+ Kb7 18. Qxd5+ Ka7 19. Qc6 Rb7 20. Qa6+ Kb8 21. b6 Rxc7 22. bxc7+ Qxc7 23. Qb5+ Qb7 24. Rb1 Qxb5 25. Rxb5+ Kc7 26. exf5 Rg8 27. g3 Rg4 28. Ra5 Re4+ 29. Kd2 Bxf5 30. Ra7+ Kb6 31. Rf7 Bh6+ 32. Kc3 Bg6 33. Rb1+ Kc6 34. Rf6 Bg7 35. Rf3 Re2 36. Kb4 Rxc2 37. a4 d5 38. Rf1 e4 39. Rf4 d4 40. h4 Be5 41. Rg4 d3 42. Rg5 Bc3+ 43. Ka3 Bf6 0-1

[Event "Wch U18 Girls"]
[Site "Florianopolis"]
[Date "2024.11.02"]
[Round "5"]
[White "Kairbekova, Amina"]
[Black "Manko, Mariya"]
[Result "1-0"]
[WhiteElo "2288"]
[BlackElo "2237"]
[PlyCount "67"]
[EventDate "2024.10.29"]
[EventType "swiss"]
[EventRounds "11"]
[EventCountry "BRA"]
[SourceTitle "CB45_2024"]
[Source "ChessBase"]
[SourceDate "2024.11.06"]
[SourceVersion "1"]
[SourceVersionDate "2024.11.06"]
[SourceQuality "1"]

1. e4 c5 2. Nc3 Nc6 3. Bb5 Nd4 4. Nf3 a6 5. Bd3 e6 6. 0-0 Ne7 7. Nxd4 cxd4 8. Ne2 Nc6 9. c3 d5 10. cxd4 dxe4 11. Bxe4 Nxd4 12. Qa4+ Nb5 13. d4 Bd6 14. g3 0-0 15. Qc2 h6 16. Rd1 Qe7 17. Bg2 e5 18. dxe5 Bxe5 19. a4 Nd6 20. Nf4 Bf5 21. Qe2 Rac8 22. Nd5 Qe6 23. Bf4 Nc4 24. Bxe5 Nxe5 25. f4 Nc6 26. Qxe6 Bxe6 27. a5 Rfd8 28. Nb6 Rxd1+ 29. Rxd1 Rc7 30. Rc1 Kf8 31. b4 Re7 32. Bxc6 Rc7 33. f5 Bb3 34. Rc3 1-0

[Event "Wch U18 Girls"]
[Site "Florianopolis"]
[Date "2024.10.31"]
[Round "3"]
[White "Manko, Mariya"]
[Black "Alekseenko, Mariya"]
[Result "1/2-1/2"]
[WhiteElo "2237"]
[BlackElo "2049"]
[PlyCount "92"]
[EventDate "2024.10.29"]
[EventType "swiss"]
[EventRounds "11"]
[EventCountry "BRA"]
[SourceTitle "CB45_2024"]
[Source "ChessBase"]
[SourceDate "2024.11.06"]
[SourceVersion "1"]
[SourceVersionDate "2024.11.06"]
[SourceQuality "1"]

1. d4 d5 2. c4 dxc4 3. e3 e5 4. d5 Nf6 5. Bxc4 a6 6. a4 c6 7. Nc3 Bb4 8. Qb3 Bxc3+ 9. Qxc3 cxd5 10. Qxe5+ Be6 11. Bd3 Nc6 12. Qg5 Nb4 13. Bb1 Qc7 14. Bd2 0-0 15. Ne2 Nc2+ 16. Bxc2 Qxc2 17. Bc3 h6 18. Qg3 Kh7 19. Nf4 Rac8 20. 0-0 Rg8 21. Bxf6 gxf6 22. Qh4 Rg5 23. Nxe6 fxe6 24. Qb4 Rg7 25. g3 Rc4 26. Qb6 Rc6 27. Qd4 Qf5 28. Rac1 Rgc7 29. Rxc6 Rxc6 30. e4 Qxe4 31. Qxf6 Qg6 32. Qd4 Qg7 33. Qd3+ Kh8 34. b4 Rc4 35. Re1 Qf6 36. Qb3 Kg7 37. a5 Kf7 38. b5 Qc3 39. Qb1 Kf6 40. bxa6 bxa6 41. Rf1 Qxa5 42. Qh7 Qd2 43. Qh8+ Ke7 44. Qg7+ Kd6 45. Qf8+ Kd7 46. Qf7+ Kd6 1/2-1/2

[Event "Olympiad Women-45"]
[Site "Budapest"]
[Date "2024.09.20"]
[Round "9.4"]
[White "Balajayeva, Khanim Asad Qizi"]
[Black "Manko, Mariya"]
[Result "1-0"]
[WhiteElo "2384"]
[BlackElo "2159"]
[PlyCount "93"]
[EventDate "2024.09.11"]
[EventType "team-swiss"]
[EventRounds "11"]
[EventCountry "HUN"]
[SourceTitle "EXT 2025"]
[Source "ChessBase"]
[SourceDate "2024.10.14"]
[SourceVersion "1"]
[SourceVersionDate "2024.10.14"]
[SourceQuality "1"]
[WhiteTeam "Azerbaijan (W)"]
[BlackTeam "Switzerland (W)"]
[WhiteTeamCountry "AZE"]
[BlackTeamCountry "SUI"]

1. e4 c5 2. Nf3 Nc6 3. Bb5 g6 4. 0-0 Bg7 5. d3 Nf6 6. Nc3 0-0 7. e5 Ne8 8. Bxc6 bxc6 9. Re1 Nc7 10. Na4 d6 11. h3 h6 12. c3 Ne6 13. Be3 dxe5 14. Nxc5 Qd5 15. Qb3 Rd8 16. Qa3 Nf4 17. Bxf4 exf4 18. Rxe7 Bxh3 19. Re4 Bf8 20. Re5 Bxc5 21. Qxc5 Qxd3 22. Qxc6 Bg4 23. Nd4 Qd2 24. Rb1 Rab8 25. Qf6 Rf8 26. f3 Bd7 27. Re2 Qd3 28. Rbe1 Qc4 29. Qd6 Bb5 30. a3 Qc8 31. Re7 Bc4 32. Rc7 Qa6 33. Qxa6 Bxa6 34. Rxa7 Bd3 35. Rd1 Bc4 36. Rc7 Ba2 37. Rd2 Rfe8 38. Kf2 g5 39. b4 Bb1 40. a4 h5 41. Ne2 Re3 42. Rcd7 Rbe8 43. a5 g4 44. Nxf4 gxf3 45. gxf3 R8e5 46. Nd5 Re1 47. a6 1-0

[Event "Olympiad Women-45"]
[Site "Budapest"]
[Date "2024.09.14"]
[Round "4.14"]
[White "Manko, Mariya"]
[Black "Mimic, Sofija"]
[Result "1-0"]
[WhiteElo "2159"]
[BlackElo "1809"]
[PlyCount "93"]
[EventDate "2024.09.11"]
[EventType "team-swiss"]
[EventRounds "11"]
[EventCountry "HUN"]
[SourceTitle "EXT 2025"]
[Source "ChessBase"]
[SourceDate "2024.10.14"]
[SourceVersion "1"]
[SourceVersionDate "2024.10.14"]
[SourceQuality "1"]
[WhiteTeam "Switzerland (W)"]
[BlackTeam "Bosnia & Herzegovina (W)"]
[WhiteTeamCountry "SUI"]
[BlackTeamCountry "BIH"]

1. d4 Nf6 2. c4 g6 3. Nf3 Bg7 4. g3 0-0 5. Bg2 d6 6. Nc3 c6 7. 0-0 Qa5 8. e4 e5 9. h3 Nbd7 10. d5 cxd5 11. cxd5 Nc5 12. Qc2 Bd7 13. Rb1 Qc7 14. Nd2 Rfc8 15. Nb3 Ncxe4 16. Bxe4 Nxe4 17. Qxe4 Bxh3 18. Be3 Bxf1 19. Rxf1 b6 20. Nd2 f5 21. Qh4 Qf7 22. Nf3 Bf6 23. Bg5 Bxg5 24. Nxg5 Qe7 25. Qh6 Qg7 26. Qxg7+ Kxg7 27. Nb5 Rc2 28. Rb1 Rac8 29. Nxd6 Rc1+ 30. Rxc1 Rxc1+ 31. Kg2 h6 32. Ne6+ Kf6 33. Nb5 Ke7 34. Nec7 Kd7 35. d6 Rd1 36. Kf3 Rd2 37. Na6 Kc6 38. a4 Rxb2 39. Ke3 Kd7 40. Nb8+ Kd8 41. Nxa7 Rc2 42. Kd3 Rc5 43. Nac6+ Rxc6 44. Nxc6+ Kd7 45. Nxe5+ Kxd6 46. Nxg6 Kc5 47. Ne7 1-0

[Event "Olympiad Women-45"]
[Site "Budapest"]
[Date "2024.09.12"]
[Round "2.21"]
[White "Bargan, Victoria"]
[Black "Manko, Mariya"]
[Result "0-1"]
[WhiteElo "1941"]
[BlackElo "2159"]
[PlyCount "80"]
[EventDate "2024.09.11"]
[EventType "team-swiss"]
[EventRounds "11"]
[EventCountry "HUN"]
[SourceTitle "EXT 2025"]
[Source "ChessBase"]
[SourceDate "2024.10.14"]
[SourceVersion "1"]
[SourceVersionDate "2024.10.14"]
[SourceQuality "1"]
[WhiteTeam "Moldova (W)"]
[BlackTeam "Switzerland (W)"]
[WhiteTeamCountry "MDA"]
[BlackTeamCountry "SUI"]

1. d4 Nf6 2. c4 e6 3. Nc3 d5 4. cxd5 exd5 5. Bg5 Bb4 6. e3 h6 7. Bxf6 Qxf6 8. Nf3 0-0 9. Qb3 c5 10. Be2 Nc6 11. 0-0 c4 12. Qc2 Bf5 13. Qa4 Rfd8 14. a3 Bxc3 15. bxc3 a6 16. Ra2 b5 17. Qd1 a5 18. Qa1 Rab8 19. Nd2 Qg6 20. Bf3 b4 21. Re1 Bd3 22. axb4 axb4 23. Ra6 b3 24. Qb2 Ra8 25. Rea1 Rxa6 26. Rxa6 Qe6 27. Nb1 f5 28. g3 f4 29. e4 dxe4 30. Bh1 f3 31. Nd2 Kh7 32. h4 Qc8 33. Ra4 Nxd4 34. Nxc4 Ne2+ 35. Kh2 Bxc4 36. Bxf3 exf3 37. Qb1+ Kh8 38. Qe4 Ng1 39. g4 Qc7+ 40. Kh1 Nh3 0-1

[Event "EU-ch U18 Girls"]
[Site "Prague"]
[Date "2024.08.30"]
[Round "8"]
[White "Kochavi, Dana"]
[Black "Manko, Mariya"]
[Result "0-1"]
[WhiteElo "2083"]
[BlackElo "2159"]
[PlyCount "118"]
[EventDate "2024.08.22"]
[EventType "swiss"]
[EventRounds "9"]
[EventCountry "CZE"]
[SourceTitle "CBM 221 Extra"]
[Source "ChessBase"]
[SourceDate "2024.09.30"]
[SourceVersion "1"]
[SourceVersionDate "2024.09.30"]
[SourceQuality "1"]

1. e4 c5 2. Nf3 Nc6 3. Bb5 g6 4. Bxc6 bxc6 5. d4 Bg7 6. dxc5 Qa5+ 7. Nbd2 Qxc5 8. a3 Nf6 9. c4 d5 10. e5 Ng4 11. Qe2 dxc4 12. Ne4 Qb5 13. Nc3 Qc5 14. Ne4 Qd5 15. Nc3 Qd3 16. Bf4 Qxe2+ 17. Nxe2 g5 18. Bg3 f5 19. exf6 exf6 20. h3 Nh6 21. Rc1 Be6 22. h4 Nf5 23. Nfd4 Nxd4 24. Nxd4 Bd5 25. Nf5 Bf8 26. hxg5 Kf7 27. gxf6 Bxg2 28. Rh4 Re8+ 29. Ne3 Bd5 30. Kf1 h5 31. Nxc4 Kxf6 32. Ne3 Be4 33. f3 Bd3+ 34. Kf2 c5 35. Nd5+ Kg5 36. Bf4+ Kf5 37. Ne3+ Kf6 38. Rg1 c4 39. Bg5+ Kf7 40. Rf4+ Ke6 41. Rf6+ Kd7 42. Rf7+ Kc6 43. Rxa7 Bc5 44. Rf7 Rhg8 45. Rf6+ Kb7 46. Rf7+ Kc8 47. Bf4 Bxe3+ 48. Bxe3 Rxg1 49. Kxg1 Rxe3 50. Rf8+ Kd7 51. a4 Re1+ 52. Kf2 Re2+ 53. Kg3 Rxb2 54. a5 c3 55. Rf7+ Ke6 56. Rc7 c2 57. a6 Bxa6 58. Kf4 Rb4+ 59. Ke3 Rc4 0-1

[Event "EU-ch U18 Girls"]
[Site "Prague"]
[Date "2024.08.24"]
[Round "3"]
[White "Manko, Mariya"]
[Black "Mosurovic, Milena"]
[Result "1-0"]
[WhiteElo "2159"]
[BlackElo "1731"]
[PlyCount "57"]
[EventDate "2024.08.22"]
[EventType "swiss"]
[EventRounds "9"]
[EventCountry "CZE"]
[SourceTitle "CBM 221 Extra"]
[Source "ChessBase"]
[SourceDate "2024.09.30"]
[SourceVersion "1"]
[SourceVersionDate "2024.09.30"]
[SourceQuality "1"]

1. d4 d5 2. c4 e6 3. Nf3 Nf6 4. g3 Be7 5. Bg2 0-0 6. 0-0 dxc4 7. Qc2 a6 8. a4 Bd7 9. Rd1 c5 10. Ne5 Qc8 11. Qxc4 cxd4 12. Qxc8 Bxc8 13. Rxd4 Rd8 14. Rxd8+ Bxd8 15. Na3 Bc7 16. Bf4 g5 17. Rc1 gxf4 18. Rxc7 Nbd7 19. Nxd7 Bxd7 20. Bxb7 Ra7 21. a5 fxg3 22. hxg3 Kg7 23. Nc4 Be8 24. Nd6 Kf8 25. e4 e5 26. f4 exf4 27. gxf4 h5 28. e5 Nd5 29. Rc8 1-0

[Event "BL 2324 (Women)"]
[Site "Germany"]
[Date "2024.06.09"]
[Round "11.6"]
[White "Manko, Mariya"]
[Black "Fuchs, Judith"]
[Result "1/2-1/2"]
[WhiteElo "2057"]
[BlackElo "2236"]
[PlyCount "34"]
[EventDate "2023.10.14"]
[EventType "team-tourn"]
[EventRounds "11"]
[EventCountry "GER"]
[SourceTitle "CBM 220 Extra"]
[Source "ChessBase"]
[SourceDate "2024.07.31"]
[SourceVersion "1"]
[SourceVersionDate "2024.07.31"]
[SourceQuality "1"]
[WhiteTeam "Bad Koenigshofen (W)"]
[BlackTeam "Hamburger SK (W)"]
[WhiteTeamCountry "GER"]
[BlackTeamCountry "GER"]

1. d4 Nf6 2. c4 e6 3. g3 c5 4. d5 exd5 5. cxd5 b5 6. Bg2 d6 7. Nf3 g6 8. 0-0 Bg7 9. e4 0-0 10. Re1 Re8 11. e5 dxe5 12. Nxe5 Bb7 13. Nc6 Rxe1+ 14. Qxe1 Qd7 15. Ne5 Qd8 16. Nc6 Qd7 17. Ne5 Qd8 1/2-1/2

[Event "EU-ch (Women) 24th"]
[Site "Rhodes"]
[Date "2024.04.28"]
[Round "9"]
[White "Federovski, Adi"]
[Black "Manko, Mariya"]
[Result "1-0"]
[WhiteElo "1976"]
[BlackElo "2251"]
[PlyCount "81"]
[EventDate "2024.04.19"]
[EventType "swiss"]
[EventRounds "10"]
[EventCountry "GRE"]
[SourceTitle "CBM 219 Extra"]
[Source "ChessBase"]
[SourceDate "2024.05.31"]
[SourceVersion "1"]
[SourceVersionDate "2024.05.31"]
[SourceQuality "1"]

1. e4 c5 2. Nf3 Nc6 3. Bb5 g6 4. Bxc6 dxc6 5. d3 Bg7 6. h3 b6 7. 0-0 a5 8. a4 e5 9. Be3 Ne7 10. Nbd2 Qc7 11. Nc4 Be6 12. Qc1 Bxc4 13. dxc4 h6 14. Nh2 g5 15. Qd1 Ng6 16. g3 Qd7 17. Kg2 Qe6 18. Qd3 0-0 19. Rfd1 Rad8 20. Qb3 Rb8 21. Qd3 Kh7 22. b3 Rbd8 23. Qxd8 Rxd8 24. Rxd8 f5 25. Rad1 fxe4 26. R1d6 Qf5 27. g4 Qf7 28. R8d7 Qe8 29. Nf1 Nf4+ 30. Kh2 Ne6 31. Ng3 Kg6 32. Nf5 Bf8 33. Re7 Qxe7 34. Nxe7+ Kf6 35. Rxe6+ Kxe6 36. Nxc6 Bd6 37. Na7 Be7 38. Nb5 Bd8 39. Nc3 Kf6 40. Nxe4+ Kg6 41. Kg2 1-0

[Event "EU-ch (Women) 24th"]
[Site "Rhodes"]
[Date "2024.04.27"]
[Round "8"]
[White "Manko, Mariya"]
[Black "Siskou, Evangelia"]
[Result "1-0"]
[WhiteElo "2251"]
[BlackElo "1837"]
[PlyCount "51"]
[EventDate "2024.04.19"]
[EventType "swiss"]
[EventRounds "10"]
[EventCountry "GRE"]
[SourceTitle "CBM 219 Extra"]
[Source "ChessBase"]
[SourceDate "2024.05.31"]
[SourceVersion "1"]
[SourceVersionDate "2024.05.31"]
[SourceQuality "1"]

1. d4 Nf6 2. c4 e6 3. g3 d5 4. Bg2 Be7 5. Nf3 0-0 6. 0-0 c6 7. Qc2 Nbd7 8. Rd1 b6 9. b3 Bb7 10. Nc3 Rc8 11. e4 dxe4 12. Nxe4 c5 13. Nxf6+ Bxf6 14. Ng5 Bxg5 15. Bxb7 Rc7 16. Be4 f5 17. Bg2 cxd4 18. Bxg5 Qxg5 19. Rxd4 e5 20. Rd5 Re8 21. Re1 Qf6 22. Qd2 Qe7 23. f4 h6 24. fxe5 Nf6 25. Rd6 Rc5 26. Bd5+ 1-0